000 00697nam a2200289Ia 4500
005 20260324112937.0
008 008 260324s9999 xx 000 0 eng d
020 _a9781003423201
037 _aEBOOK
040 _aCRL
040 _beng
040 _cCRL
041 _2eng
041 _aeng
084 _qCRL
100 _aMichael E. Gosset
_91144781
245 0 _aTeaching Middle School Physical Education
245 2 _bA Progressive Curricular Approach
260 _bTaylor and Francis
260 _c2024
365 _a
365 _b220
856 _uhttp://www.taylorfrancis.com/books/9781003423201
942 _cEBOOK
999 _c1734179
_d1734179